[Event "WYCC Open U12"]
[Site "Porto Carras"]
[Date "2010.10.20"]
[Round "1.1"]
[White "Steinberg, Nitzan"]
[Black "Petr, Jan"]
[Result "1-0"]
[WhiteElo "2263"]
[BlackElo "1810"]
[PlyCount "53"]
[EventDate "2010.10.20"]

1. e4 e5 2. Nf3 Nc6 3. Bb5 a6 4. Ba4 Nf6 5. Qe2 b5 6. Bb3 Be7 7. c3 d6 8. O-O
O-O 9. Rd1 Bg4 10. d3 Re8 11. h3 Bh5 12. Nbd2 Bf8 13. Nf1 h6 14. Ng3 Bg6 15. a3
Na5 16. Ba2 c5 17. Nh4 Bh7 18. Nhf5 Nc6 19. Qf3 Ne7 20. Nxh6+ gxh6 21. Qxf6 Bg7
22. Qxf7+ Kh8 23. Nh5 Rg8 24. Qf3 d5 25. Nxg7 Rxg7 26. Qf6 dxe4 27. Bxh6 1-0

[Event "WYCC Open U12"]
[Site "Porto Carras"]
[Date "2010.10.20"]
[Round "1.5"]
[White "Troff, Kayden W"]
[Black "Peczely, Sebastian Zsombor"]
[Result "1-0"]
[WhiteElo "2216"]
[BlackElo "1796"]
[PlyCount "45"]
[EventDate "2010.10.20"]

1. d4 d5 2. c4 e6 3. Nf3 Nf6 4. g3 c6 5. Bg2 Bd6 6. Qc2 Nbd7 7. O-O O-O 8. Nbd2
Re8 9. e4 dxe4 10. Nxe4 Nxe4 11. Qxe4 e5 12. Qc2 exd4 13. Nxd4 Qf6 14. Nf3 Ne5
15. Ng5 Bf5 16. Ne4 Qg6 17. Re1 Bb4 18. Bd2 Bxd2 19. Qxd2 Rad8 20. Qc3 Nd3 21.
Re3 Nxb2 22. Rae1 Nxc4 23. Nf6+ 1-0

[Event "WYCC Open U12"]
[Site "Porto Carras"]
[Date "2010.10.20"]
[Round "1.6"]
[White "Markoja, Boris"]
[Black "Vetoshko, Volodymyr"]
[Result "1-0"]
[WhiteElo "1793"]
[BlackElo "2211"]
[PlyCount "51"]
[EventDate "2010.10.20"]

1. e4 c5 2. Nf3 d6 3. d4 cxd4 4. Nxd4 Nf6 5. Nc3 Nc6 6. Be2 e6 7. O-O Be7 8.
Be3 Bd7 9. Ndb5 Qb8 10. Bg5 a6 11. Bxf6 gxf6 12. Nd4 b5 13. Bh5 Ne5 14. f4 Nc4
15. f5 Ne3 16. Qd3 Nxf1 17. fxe6 Bc8 18. Bxf7+ Kf8 19. Rxf1 Bb7 20. Nf5 d5 21.
Qh3 Bc5+ 22. Kh1 h5 23. Ne2 Bd6 24. Qh4 Be5 25. Nf4 Bxf4 26. Qxf6 1-0

[Event "WYCC Open U12"]
[Site "Porto Carras"]
[Date "2010.10.20"]
[Round "1.7"]
[White "Donchenko, Alexander"]
[Black "Delekta, Filip"]
[Result "1-0"]
[WhiteElo "2204"]
[BlackElo "1787"]
[PlyCount "43"]
[EventDate "2010.10.20"]

1. Nf3 c5 2. c4 Nf6 3. d4 cxd4 4. Nxd4 e5 5. Nb5 d5 6. cxd5 Bc5 7. N5c3 O-O 8.
e3 e4 9. a3 a5 10. Be2 Re8 11. Nd2 Bf5 12. Nc4 Nbd7 13. g4 Bg6 14. g5 Ne5 15.
Nxe5 Rxe5 16. gxf6 Qxf6 17. Qb3 b6 18. Na4 Rd8 19. Nxc5 bxc5 20. Bd2 Rexd5 21.
Bxa5 c4 22. Bxd8 1-0

[Event "WYCC Open U12"]
[Site "Porto Carras"]
[Date "2010.10.20"]
[Round "1.8"]
[White "Lappalainen, Matias"]
[Black "Ghosh, Diptayan"]
[Result "0-1"]
[WhiteElo "1777"]
[BlackElo "2193"]
[PlyCount "58"]
[EventDate "2010.10.20"]

1. e4 d5 2. exd5 Qxd5 3. Nc3 Qa5 4. d4 Nf6 5. Bd2 c6 6. Nf3 Bf5 7. Ne5 Nbd7 8.
f4 h5 9. Nc4 Qc7 10. g3 e6 11. Bg2 Nb6 12. Ne5 O-O-O 13. Ne2 Ng4 14. h3 Nxe5
15. fxe5 Nc4 16. b3 Nxd2 17. Qxd2 f6 18. exf6 gxf6 19. c3 Bh6 20. Qb2 Be3 21.
Rf1 Rhg8 22. Rf3 Bh6 23. Kf2 Be4 24. Rxf6 Rdf8 25. Rxf8+ Rxf8+ 26. Kg1 Be3+ 27.
Kh1 Bxg2+ 28. Kxg2 Rf2+ 29. Kh1 Qf7 0-1

[Event "WYCC Open U12"]
[Site "Porto Carras"]
[Date "2010.10.20"]
[Round "1.9"]
[White "Ali, Marandi Cemil Can"]
[Black "Hofer, Emilian"]
[Result "1-0"]
[WhiteElo "2180"]
[BlackElo "1772"]
[PlyCount "99"]
[EventDate "2010.10.20"]

1. e4 e5 2. Nf3 Nc6 3. Bb5 a6 4. Ba4 Nf6 5. O-O Be7 6. Re1 b5 7. Bb3 d6 8. c3
O-O 9. h3 Na5 10. Bc2 c5 11. d4 Qc7 12. Nbd2 Bd7 13. Nf1 Rfc8 14. d5 b4 15. Ne3
bxc3 16. bxc3 Rab8 17. c4 Rb7 18. Bd2 Rcb8 19. Bc3 Ra7 20. Qd2 Nb7 21. Kh2 Bc8
22. Rab1 Qd7 23. Qd1 Raa8 24. Nf5 Bf8 25. Qd2 Qd8 26. Ng3 Qc7 27. Rb2 g6 28.
Reb1 Bg7 29. Bd3 Qe7 30. Rb3 Nd7 31. R1b2 Nd8 32. Qc2 Rxb3 33. Rxb3 Rb8 34. Nd2
Qf6 35. Qb2 Rxb3 36. Nxb3 h5 37. Na5 h4 38. Nf1 Qf4+ 39. Kg1 Qg5 40. Nc6 Nxc6
41. dxc6 Nf8 42. Bd2 Qd8 43. Ne3 Ne6 44. Nd5 Nf4 45. Bxf4 exf4 46. Qb8 Kh7 47.
c7 Qg5 48. Qxc8 f3 49. Qg4 Qc1+ 50. Bf1 1-0

[Event "WYCC Open U12"]
[Site "Porto Carras"]
[Date "2010.10.20"]
[Round "1.10"]
[White "Lenaerts, Lennert"]
[Black "Gledura, Benjamin"]
[Result "1-0"]
[WhiteElo "1770"]
[BlackElo "2180"]
[PlyCount "89"]
[EventDate "2010.10.20"]

1. c4 c5 2. g3 Nf6 3. Bg2 Nc6 4. Nc3 e6 5. e4 Be7 6. Nge2 O-O 7. O-O a6 8. d3
Rb8 9. a4 d6 10. f4 Nb4 11. h3 d5 12. e5 Ne8 13. cxd5 exd5 14. g4 f5 15. Ng3 d4
16. Na2 Nxa2 17. Rxa2 Be6 18. b3 fxg4 19. hxg4 b5 20. Rb2 bxa4 21. bxa4 Rxb2
22. Bxb2 Qb6 23. Qd2 Bxg4 24. Bd5+ Kh8 25. a5 Qh6 26. Rf2 Nc7 27. Be4 Qh4 28.
Nf1 Bf5 29. Rh2 Qg4+ 30. Rg2 Qh5 31. Ng3 Qh3 32. Nxf5 Rxf5 33. Bxf5 Qxf5 34.
Bc1 Nd5 35. Qe2 g6 36. Qe4 Nb4 37. Qxf5 gxf5 38. Rg3 Nd5 39. Bd2 Nc7 40. Kf1
Ne6 41. Ke2 Bf8 42. Rg1 Bh6 43. Kf3 Nc7 44. Rb1 Nb5 45. Rxb5 1-0

[Event "WYCC Open U12"]
[Site "Porto Carras"]
[Date "2010.10.20"]
[Round "1.11"]
[White "Sanal, Vahap"]
[Black "Tsiros, Fragkiskos Vlasios"]
[Result "1-0"]
[WhiteElo "2170"]
[BlackElo "1764"]
[PlyCount "77"]
[EventDate "2010.10.20"]

1. e4 c5 2. Nf3 d6 3. d4 cxd4 4. Nxd4 Nf6 5. Nc3 a6 6. Bg5 Nbd7 7. f4 Qc7 8.
Qf3 h6 9. Bh4 g5 10. fxg5 hxg5 11. Bxg5 Qc5 12. Nf5 e6 13. Bxf6 Nxf6 14. Ng3
Qg5 15. Be2 Be7 16. Nf1 Nd7 17. g3 Ne5 18. Qe3 Qg7 19. Nd2 Rb8 20. O-O-O b5 21.
a3 Bf6 22. Kb1 Bd7 23. Ka2 Nc6 24. Nb3 b4 25. axb4 Nxb4+ 26. Kb1 Be5 27. Nd4
Ke7 28. Bc4 Rhc8 29. Bb3 Nc6 30. Nde2 Na5 31. h4 Nxb3 32. cxb3 Rxb3 33. Nd5+
exd5 34. Qxb3 dxe4 35. Rc1 Rc5 36. Rxc5 dxc5 37. Rd1 Bc6 38. Qb6 Qg6 39. Qxc5+
1-0

[Event "WYCC Open U12"]
[Site "Porto Carras"]
[Date "2010.10.20"]
[Round "1.12"]
[White "Ghvamberia, Nika"]
[Black "Williams, Justus D"]
[Result "0-1"]
[WhiteElo "1752"]
[BlackElo "2155"]
[PlyCount "122"]
[EventDate "2010.10.20"]

1. e4 c5 2. Nf3 e6 3. d4 cxd4 4. Nxd4 a6 5. Bd3 Nf6 6. O-O Qc7 7. c4 b6 8. Nc3
Bb7 9. Be3 Bb4 10. f3 Bxc3 11. bxc3 d6 12. Qe1 Nbd7 13. Qg3 h5 14. Nb3 h4 15.
Qf2 Rc8 16. Be2 Nc5 17. Nxc5 bxc5 18. Rad1 Nd7 19. Bf4 Ne5 20. h3 f6 21. Bh2
Nf7 22. Qe3 e5 23. f4 Ke7 24. Kh1 Qc6 25. Bd3 a5 26. Rd2 Ba6 27. Rb2 Rb8 28.
Rfb1 Rxb2 29. Rxb2 Qc7 30. Qc1 Rb8 31. Qb1 Rxb2 32. Qxb2 Qb7 33. Qc2 Qb6 34. f5
Nh8 35. Qe2 a4 36. Qc2 Qa5 37. Bg1 Bb7 38. a3 Qa8 39. Qb1 Bc6 40. Be3 g6 41.
fxg6 Nxg6 42. Kh2 Qa5 43. Bd2 Ke6 44. Bc2 Qa7 45. Qd1 Qa8 46. Qh5 Qg8 47. Bc1
Be8 48. Qf5+ Ke7 49. Bd3 Bf7 50. Qf1 Nf8 51. Bd2 Ne6 52. Qb1 Qg3+ 53. Kh1 Nf4
54. Bxf4 exf4 55. Qf1 Bh5 56. Qb1 f3 57. Bf1 fxg2+ 58. Bxg2 Bf3 59. Qb7+ Kf8
60. Qb8+ Kg7 61. Qb2 Qxh3+ 0-1

[Event "WYCC Open U12"]
[Site "Porto Carras"]
[Date "2010.10.20"]
[Round "1.13"]
[White "Bellahcene, Bilel"]
[Black "Sirosh, Ilja"]
[Result "1-0"]
[WhiteElo "2152"]
[BlackElo "1752"]
[PlyCount "119"]
[EventDate "2010.10.20"]

1. e4 e6 2. d4 d5 3. Nc3 Nf6 4. e5 Nfd7 5. f4 c5 6. Nf3 Nc6 7. Be3 cxd4 8. Nxd4
Bc5 9. Qd2 O-O 10. O-O-O a6 11. h4 Nxd4 12. Bxd4 Bxd4 13. Qxd4 b5 14. Rh3 Qb6
15. Qxb6 Nxb6 16. Ne2 Bd7 17. Nd4 f6 18. Rc3 fxe5 19. fxe5 Rac8 20. Rxc8 Bxc8
21. b3 Rf4 22. Nf3 Nd7 23. Bd3 Bb7 24. Re1 h6 25. c3 Nc5 26. Kd2 Nxd3 27. Kxd3
Rg4 28. Re2 a5 29. Ke3 b4 30. cxb4 axb4 31. Rd2 Ba6 32. Kf2 Re4 33. Rc2 g5 34.
hxg5 hxg5 35. Rc6 Re2+ 36. Kg3 Rxa2 37. Nxg5 Bf1 38. Rc8+ Kg7 39. Nxe6+ Kf7 40.
Nf4 Rb2 41. e6+ Ke7 42. Rc7+ Kd6 43. Rd7+ Kc6 44. Rxd5 Rxg2+ 45. Nxg2 Kxd5 46.
Ne3+ Kxe6 47. Nxf1 Kd5 48. Kf3 Kd4 49. Ke2 Kc3 50. Nd2 Kc2 51. Ke3 Kc3 52. Ke4
Kxd2 53. Kd4 Ke2 54. Kc4 Ke3 55. Kxb4 Kd4 56. Kb5 Kd5 57. b4 Kd6 58. Kb6 Kd7
59. b5 Kc8 60. Ka7 1-0

[Event "WYCC Open U12"]
[Site "Porto Carras"]
[Date "2010.10.20"]
[Round "1.14"]
[White "Karpacz, Piotr"]
[Black "Wu, Christopher"]
[Result "1-0"]
[WhiteElo "1743"]
[BlackElo "2138"]
[PlyCount "79"]
[EventDate "2010.10.20"]

1. d4 d5 2. c4 c6 3. Nc3 Nf6 4. Nf3 e6 5. cxd5 exd5 6. Bg5 Be7 7. Qc2 h6 8. Bh4
Be6 9. e3 O-O 10. Bd3 Nbd7 11. O-O Nh5 12. Bxe7 Qxe7 13. Qe2 f5 14. Ne5 Nxe5
15. dxe5 g6 16. f4 Kh7 17. Qc2 Ng7 18. Rac1 Rfd8 19. Ne2 Bf7 20. Nd4 Rac8 21.
Qc5 Qxc5 22. Rxc5 Be8 23. b4 b6 24. Rc2 c5 25. bxc5 Ba4 26. Rc3 bxc5 27. Ba6
cxd4 28. Rxc8 Rxc8 29. Bxc8 dxe3 30. Rc1 d4 31. Ba6 g5 32. Bd3 Kg6 33. Rc4 Be8
34. Rxd4 Bf7 35. Rd6+ Kh7 36. fxg5 Bxa2 37. gxh6 Nh5 38. Bxf5+ Kg8 39. h7+ Kg7
40. Rd8 1-0

[Event "WYCC Open U12"]
[Site "Porto Carras"]
[Date "2010.10.20"]
[Round "1.15"]
[White "Sidhant, Mohapatra"]
[Black "Snihur, Piotr"]
[Result "1-0"]
[WhiteElo "2125"]
[BlackElo "1738"]
[PlyCount "47"]
[EventDate "2010.10.20"]

1. d4 Nf6 2. Nc3 d5 3. Bg5 Bf5 4. f3 Nbd7 5. Nxd5 Nxd5 6. e4 h6 7. Bh4 Ne3 8.
Qd3 Nxf1 9. exf5 Nxh2 10. Rxh2 c6 11. O-O-O Qc7 12. Rh3 Nb6 13. Ne2 O-O-O 14.
Bg3 Qd7 15. Qa3 a6 16. Qc5 Nd5 17. Qa7 Nc7 18. Nc3 b5 19. d5 c5 20. Ne4 e6 21.
d6 Qc6 22. dxc7 Rxd1+ 23. Kxd1 Qb7 24. Qb8+ 1-0

[Event "WYCC Open U12"]
[Site "Porto Carras"]
[Date "2010.10.20"]
[Round "1.17"]
[White "Schroeder, Jan-Christian"]
[Black "Perske, Thore"]
[Result "1-0"]
[WhiteElo "2108"]
[BlackElo "1715"]
[PlyCount "61"]
[EventDate "2010.10.20"]

1. e4 e6 2. d4 d5 3. e5 c5 4. c3 Nc6 5. Nf3 Bd7 6. Be2 Nge7 7. Na3 Ng6 8. Nc2
Be7 9. Bd3 cxd4 10. cxd4 Rc8 11. h4 Nb4 12. Nxb4 Bxb4+ 13. Kf1 Ne7 14. a3 Ba5
15. h5 h6 16. Nh4 a6 17. Qg4 Kf8 18. a4 Bxa4 19. Rh3 Bb5 20. Bxb5 axb5 21. Rf3
Bb6 22. Qxe6 Kg8 23. Qxf7+ Kh7 24. Ng6 Re8 25. Bxh6 Kxh6 26. Nxe7 Kh7 27. Qg6+
Kh8 28. Nxc8 Bxd4 29. Nd6 Rf8 30. Nf7+ Rxf7 31. Qxf7 1-0

[Event "WYCC Open U12"]
[Site "Porto Carras"]
[Date "2010.10.20"]
[Round "1.18"]
[White "Hadzialic, Benjamin"]
[Black "Saiyn, Zhanat"]
[Result "1/2-1/2"]
[WhiteElo "1711"]
[BlackElo "2074"]
[PlyCount "102"]
[EventDate "2010.10.20"]

1. c4 c5 2. e3 Nf6 3. Nf3 e6 4. Nc3 Be7 5. d4 cxd4 6. exd4 d5 7. Bf4 O-O 8. Bd3
dxc4 9. Bxc4 b6 10. O-O Ba6 11. Be2 Bxe2 12. Qxe2 Nc6 13. Rfd1 Nd5 14. Nxd5
Qxd5 15. Rac1 Rac8 16. a3 Bf6 17. Qe3 Ne7 18. Bg5 Nf5 19. Qf4 Be7 20. Qd2 Nd6
21. Qb4 f6 22. Bf4 Kf7 23. Qd2 Nc4 24. Qe2 Rc6 25. Rc3 Rfc8 26. Rdc1 Na5 27.
Qd3 Rxc3 28. Rxc3 Rxc3 29. Qxc3 Qc4 30. Bd2 Qxc3 31. Bxc3 Nc4 32. Kf1 Ke8 33.
Ke2 Kd7 34. Kd3 Nd6 35. Nd2 Nb5 36. f3 Nxc3 37. Kxc3 Kc6 38. h3 Bd6 39. Ne4 Bc7
40. b3 Kd5 41. Kd3 Bf4 42. Nc3+ Kc6 43. Ne2 Bd6 44. a4 a6 45. Kc4 Bc7 46. Nc3
Bf4 47. Ne4 Bc7 48. Nc3 Bf4 49. Ne4 Bc7 50. Nc3 Bf4 51. Ne4 Bc7 1/2-1/2

[Event "WYCC Open U14"]
[Site "Porto Carras"]
[Date "2010.10.20"]
[Round "1.1"]
[White "Rapport, Richard"]
[Black "Papadopoulos, Panayotis"]
[Result "1-0"]
[WhiteElo "2523"]
[BlackElo "2007"]
[PlyCount "121"]
[EventDate "2010.10.20"]

1. Nf3 Nf6 2. c4 e6 3. g3 b6 4. Bg2 Bb7 5. O-O Be7 6. b3 O-O 7. Bb2 d6 8. Nc3
c5 9. e3 Nbd7 10. Qe2 a6 11. Rfd1 Qc7 12. Rac1 Rac8 13. d4 Rfd8 14. d5 exd5 15.
cxd5 b5 16. Ne1 Bf8 17. g4 Nb6 18. g5 Nfd7 19. a3 Re8 20. Qg4 Qd8 21. Ne2 a5
22. Ng3 Ne5 23. Qe2 Ra8 24. Be4 Bc8 25. f4 Bg4 26. Nf3 Nxf3+ 27. Bxf3 Bxf3 28.
Qxf3 a4 29. e4 axb3 30. Qxb3 Nc4 31. Qxb5 Nxb2 32. Qxb2 Qa5 33. Rd3 Reb8 34.
Qe2 Qa4 35. Qa2 Qb5 36. Qc2 Ra4 37. Kg2 Rb7 38. h4 Rb8 39. h5 Rb7 40. Rc3 Qb2
41. Kf3 Qb5 42. Nf1 Rba7 43. Qb3 Qe8 44. Ng3 f6 45. gxf6 gxf6 46. Rg1 Kh8 47.
Qb2 Rd4 48. Rb3 f5 49. Rb8 fxe4+ 50. Kf2 Qf7 51. Ne2 Raa4 52. Rg4 h6 53. Nxd4
cxd4 54. Qc2 Rxa3 55. Qxe4 Ra2+ 56. Ke1 Ra1+ 57. Rb1 Rxb1+ 58. Qxb1 Qxd5 59.
Qg6 Qa2 60. Qf6+ Kh7 61. Qf5+ 1-0

[Event "WYCC Open U14"]
[Site "Porto Carras"]
[Date "2010.10.20"]
[Round "1.2"]
[White "Bayramov, Elvin Shamil Oglu"]
[Black "Berbatov, Kiprian"]
[Result "1-0"]
[WhiteElo "2006"]
[BlackElo "2461"]
[PlyCount "73"]
[EventDate "2010.10.20"]

1. d4 Nf6 2. c4 g6 3. Nc3 Bg7 4. e4 d6 5. Nge2 O-O 6. Ng3 a6 7. h4 h5 8. Be2
Nc6 9. Bg5 e5 10. dxe5 Nxe5 11. f4 Neg4 12. e5 dxe5 13. Qxd8 Rxd8 14. Bxg4 Bxg4
15. fxe5 Re8 16. O-O Nd7 17. Bf6 Be6 18. b3 Nxe5 19. Nce4 Ng4 20. Rae1 Nxf6 21.
Nxf6+ Bxf6 22. Rxf6 Rad8 23. Ne4 Kg7 24. Rff1 b6 25. Ng5 Bf5 26. Rxe8 Rxe8 27.
Kf2 f6 28. Nf3 Rd8 29. Re1 Kf7 30. Re2 Rd1 31. Rd2 Rxd2+ 32. Nxd2 c5 33. Ke3 g5
34. g3 Bb1 35. Nxb1 Ke6 36. Nc3 Ke5 37. a4 1-0

[Event "WYCC Open U14"]
[Site "Porto Carras"]
[Date "2010.10.20"]
[Round "1.3"]
[White "Vaibhav, Suri"]
[Black "Mirzaei, Saleh"]
[Result "1-0"]
[WhiteElo "2418"]
[BlackElo "2004"]
[PlyCount "109"]
[EventDate "2010.10.20"]

1. e4 c5 2. Nf3 Nc6 3. d4 cxd4 4. Nxd4 Nf6 5. Nc3 d6 6. Bc4 e5 7. Nde2 Be6 8.
Bb3 Be7 9. O-O O-O 10. Kh1 Na5 11. f4 Nxb3 12. axb3 a6 13. f5 Bd7 14. Bg5 Bc6
15. Bxf6 Bxf6 16. Nd5 Bxd5 17. Qxd5 Qc7 18. Qd3 Rfc8 19. Nc3 b5 20. Rfd1 b4 21.
Nd5 Qb7 22. Rd2 Rc6 23. Qg3 Kf8 24. Qh3 h6 25. Qf3 Rac8 26. Qd1 Rb8 27. Ra4 a5
28. Rxa5 Rc5 29. Ra4 Rb5 30. Re2 Qc6 31. Ra7 R5b7 32. Rxb7 Rxb7 33. Re1 Rb8 34.
Qd2 Qc5 35. Rd1 Bg5 36. Qe2 Bd8 37. Ra1 Bb6 38. f6 g6 39. Qd2 g5 40. Qxb4 Qxb4
41. Nxb4 Ke8 42. Nd5 Kd7 43. c3 g4 44. g3 h5 45. b4 Rb7 46. Kg2 Bd8 47. Ra8 Bb6
48. b5 Bd8 49. c4 Ke8 50. b4 Kd7 51. Kf1 Ke8 52. b6 Kd7 53. Ra7 Kc8 54. Ne7+
Bxe7 55. fxe7 1-0

[Event "WYCC Open U14"]
[Site "Porto Carras"]
[Date "2010.10.20"]
[Round "1.4"]
[White "Ladva, Ottomar"]
[Black "Shiven, Khosla"]
[Result "1/2-1/2"]
[WhiteElo "2002"]
[BlackElo "2354"]
[PlyCount "170"]
[EventDate "2010.10.20"]

1. e4 c5 2. Nf3 d6 3. d4 cxd4 4. Nxd4 Nf6 5. Nc3 Nc6 6. Bg5 e6 7. Qd2 Qb6 8.
Bxf6 gxf6 9. Nb3 a6 10. O-O-O Bd7 11. f4 O-O-O 12. Be2 Rg8 13. Bh5 Rg7 14. Kb1
Kb8 15. Rhf1 Na5 16. Nxa5 Qxa5 17. f5 Qe5 18. g4 Rc8 19. Qd4 Qxd4 20. Rxd4 Be7
21. Rfd1 Rc5 22. Kc1 Bc6 23. Re1 Re5 24. Kd2 Kc7 25. a3 Kd7 26. Rd3 Bd8 27. Rf3
Ke7 28. Rf4 Bb6 29. Kd1 Bd4 30. Kd2 Rc5 31. Nd5+ Bxd5 32. exd5 Be5 33. Rb4
Rxd5+ 34. Ke2 Rb5 35. Rxb5 axb5 36. Kd3 Rg8 37. Re4 Rc8 38. Rb4 Rc5 39. a4 d5
40. h3 h6 41. c3 Bd6 42. Rxb5 Rc7 43. b3 Bc5 44. fxe6 fxe6 45. Bg6 Kd6 46. c4
Bf2 47. cxd5 exd5 48. a5 Bc5 49. Kd2 Re7 50. Bd3 Kc6 51. Bf1 Re4 52. a6 b6 53.
a7 Kb7 54. Bg2 Rd4+ 55. Kc3 Kxa7 56. b4 Rc4+ 57. Kb3 Bf8 58. Rxd5 Rxb4+ 59. Kc3
Bc5 60. Rd7+ Ka6 61. Rh7 Rf4 62. Rxh6 Ka5 63. Bc6 Bd4+ 64. Kd3 Be5 65. Rh5 Rd4+
66. Ke3 Rc4 67. Bd5 Rb4 68. Rf5 Rb5 69. Ke4 Rb4+ 70. Ke3 Bb2 71. h4 b5 72. Kf3
Be5 73. h5 Rd4 74. Be4 Ra4 75. Rxe5 fxe5 76. g5 Rxe4 77. Kxe4 b4 78. h6 b3 79.
Kd3 e4+ 80. Kc3 e3 81. h7 e2 82. Kd2 b2 83. h8=Q e1=Q+ 84. Kxe1 b1=Q+ 85. Kf2
Qf5+ 1/2-1/2

[Event "WYCC Open U14"]
[Site "Porto Carras"]
[Date "2010.10.20"]
[Round "1.6"]
[White "Veinberg, Nimrod"]
[Black "Sai, Krishna"]
[Result "0-1"]
[WhiteElo "2000"]
[BlackElo "2337"]
[PlyCount "64"]
[EventDate "2010.10.20"]

1. d4 Nf6 2. c4 g6 3. Nc3 Bg7 4. e4 d6 5. h3 O-O 6. Bg5 Qe8 7. Bd3 Nc6 8. Nge2
e5 9. d5 Nd4 10. O-O c6 11. f3 Kh8 12. g4 Ng8 13. Be3 f5 14. Kg2 Qe7 15. Rc1 h5
16. b4 Nh6 17. g5 Nf7 18. h4 Qd7 19. Rh1 f4 20. Bg1 c5 21. Rb1 Qd8 22. Qf1 Nxg5
23. hxg5 Qxg5+ 24. Kf2 Nxf3 25. Kxf3 Bg4+ 26. Kf2 f3 27. Nc1 Qd2+ 28. Kg3 Bh6
29. Rxh5 gxh5 30. Nd1 Bf4+ 31. Kh4 Bg5+ 32. Kg3 Qf4+ 0-1

[Event "WYCC Open U14"]
[Site "Porto Carras"]
[Date "2010.10.20"]
[Round "1.7"]
[White "Drozdowski, Kacper"]
[Black "Vasilyev, Vasily"]
[Result "1-0"]
[WhiteElo "2303"]
[BlackElo "1983"]
[PlyCount "71"]
[EventDate "2010.10.20"]

1. e4 c5 2. Nf3 d6 3. d4 cxd4 4. Nxd4 Nf6 5. f3 Nc6 6. c4 e6 7. Nc3 a6 8. Be3
Bd7 9. Qd2 Qc7 10. Be2 Be7 11. O-O O-O 12. Rac1 Rfd8 13. Rfd1 Rac8 14. Bf1 Ne5
15. b3 Qb8 16. h3 Bc6 17. Qf2 Ned7 18. b4 b6 19. Nxc6 Rxc6 20. Ne2 Rdc8 21. Nd4
R6c7 22. a4 Ne5 23. b5 axb5 24. Nxb5 Rc6 25. a5 Nfd7 26. a6 Nxc4 27. a7 Qa8 28.
Bxc4 Rxc4 29. Rxc4 Rxc4 30. Rc1 Rb4 31. Rc7 Nc5 32. Bxc5 bxc5 33. Rxe7 Rxb5 34.
Qa2 Kf8 35. Rc7 Rb6 36. Qa4 1-0

[Event "WYCC Open U14"]
[Site "Porto Carras"]
[Date "2010.10.20"]
[Round "1.8"]
[White "Lokander, Martin"]
[Black "Bortnik, Alexandr"]
[Result "1/2-1/2"]
[WhiteElo "1974"]
[BlackElo "2302"]
[PlyCount "121"]
[EventDate "2010.10.20"]

1. d4 d5 2. c4 Bf5 3. cxd5 Bxb1 4. Qa4+ c6 5. Rxb1 Qxd5 6. Nf3 Nd7 7. a3 Ngf6
8. g3 Qe4 9. Ra1 e5 10. Bg2 Bc5 11. O-O Bxd4 12. Nxd4 Qxd4 13. Qxd4 exd4 14.
Rd1 Nc5 15. b4 Nb3 16. Rb1 Nxc1 17. Rbxc1 Rd8 18. Rc4 d3 19. Rxd3 Rxd3 20. exd3
Kd7 21. Kf1 Ne8 22. Bh3+ Kc7 23. Re4 Rf8 24. Re7+ Kb6 25. a4 a5 26. bxa5+ Ka6
27. Ke2 Nf6 28. Kd2 Rd8 29. Kc2 Rf8 30. d4 Nd5 31. Bf1+ Ka7 32. Re1 Rd8 33. Bc4
h6 34. Kd3 Rd7 35. Bxd5 Rxd5 36. Re5 Ka6 37. Kc4 Rxa5 38. Rxa5+ Kxa5 39. Kb3 h5
40. f4 f5 41. h3 Kb6 42. Kc4 Ka6 43. Kb4 b6 44. Kc4 Kb7 45. Kc3 Kc7 46. Kc4 Kd6
47. Kc3 Kd5 48. Kd3 Kd6 49. Kc3 Kd5 50. Kd3 Ke6 51. Kc4 Kd7 52. Kd3 Ke7 53. Kc4
Kd6 54. Kc3 h4 55. gxh4 Kd5 56. Kd3 c5 57. dxc5 Kxc5 58. Kc3 Kd5 59. Kd3 g6 60.
h5 gxh5 61. h4 1/2-1/2

[Event "WYCC Open U14"]
[Site "Porto Carras"]
[Date "2010.10.20"]
[Round "1.9"]
[White "Laurusas, Tomas"]
[Black "Hernandez, Cristian Andres"]
[Result "1-0"]
[WhiteElo "2291"]
[BlackElo "1960"]
[PlyCount "69"]
[EventDate "2010.10.20"]

1. d4 Nf6 2. c4 e6 3. Nf3 b6 4. g3 Bb7 5. Bg2 Be7 6. O-O O-O 7. Nc3 Ne4 8. Bd2
f5 9. d5 Bf6 10. Rc1 Na6 11. a3 c6 12. dxe6 dxe6 13. Qc2 c5 14. Rfd1 Qe7 15.
Ne1 Nd6 16. Qa4 Bxg2 17. Nxg2 Nc7 18. Nf4 Rfd8 19. Be3 g5 20. Ng2 Qd7 21. Qb3
Qc6 22. Ne1 Nf7 23. Qc2 Bd4 24. Bxd4 cxd4 25. Na2 a5 26. Nf3 e5 27. Qxf5 Qe6
28. Qxe6 Nxe6 29. Nd2 Nc5 30. Rc2 d3 31. exd3 Rxd3 32. Nc1 Rd7 33. b4 axb4 34.
axb4 Ne6 35. Ncb3 1-0

[Event "WYCC Open U14"]
[Site "Porto Carras"]
[Date "2010.10.20"]
[Round "1.10"]
[White "Lekic, Lazar"]
[Black "Alekseenko, Kirill"]
[Result "0-1"]
[WhiteElo "1958"]
[BlackElo "2284"]
[PlyCount "108"]
[EventDate "2010.10.20"]

1. e4 c5 2. Nf3 Nc6 3. d4 cxd4 4. Nxd4 Nf6 5. Nc3 d6 6. Bg5 e6 7. f4 Qb6 8. Nb3
h6 9. Bxf6 gxf6 10. Qd2 a6 11. O-O-O Bd7 12. Be2 O-O-O 13. Bh5 Be8 14. Nd4 Kb8
15. Nxc6+ Qxc6 16. f5 Be7 17. Qe3 Rc8 18. Rd2 Bd8 19. Qg3 Ba5 20. Rxd6 Qc7 21.
Rd3 e5 22. Qf2 Qc4 23. Rhd1 Bc6 24. b3 Qb4 25. Bxf7 Qa3+ 26. Kb1 Rhd8 27. Qe2
Rxd3 28. Rxd3 Be8 29. Bxe8 Bxc3 30. Rxc3 Rxc3 31. Qd2 Rc8 32. Bf7 Qc5 33. Be6
Rc7 34. c4 Ka7 35. Kb2 Rg7 36. g3 h5 37. Qh6 Qf2+ 38. Ka3 Rc7 39. Qxf6 Qd4 40.
Bd5 Rc5 41. Qd8 Qd2 42. Ka4 Qxa2+ 43. Kb4 a5+ 44. Kc3 a4 45. Kb4 axb3 46. Qe7
Qa5+ 47. Kxb3 Qb6+ 48. Kc3 Ra5 49. Qxb7+ Qxb7 50. Bxb7 Kxb7 51. Kb4 Kb6 52. h3
Ra1 53. g4 hxg4 54. hxg4 Rg1 0-1

[Event "WYCC Open U14"]
[Site "Porto Carras"]
[Date "2010.10.20"]
[Round "1.11"]
[White "Csonka, Balazs"]
[Black "Kanjaryan, Vladimir"]
[Result "1/2-1/2"]
[WhiteElo "2263"]
[BlackElo "1953"]
[PlyCount "89"]
[EventDate "2010.10.20"]

1. e4 c5 2. Nf3 Nc6 3. Bb5 g6 4. O-O Bg7 5. c3 Nf6 6. Re1 O-O 7. d4 cxd4 8.
cxd4 d5 9. e5 Ne4 10. Nc3 Nxc3 11. bxc3 Na5 12. Ba3 a6 13. Bd3 Re8 14. Qc2 Bd7
15. h4 Rc8 16. h5 Nc4 17. hxg6 fxg6 18. Bc1 Rc6 19. Ng5 Qc8 20. Qe2 Bf5 21.
Bxc4 Rxc4 22. Bd2 Bh6 23. Qe3 b5 24. Qf4 Bxg5 25. Qxg5 b4 26. cxb4 Rxd4 27.
Rac1 Qe6 28. f3 h5 29. Qh6 Rf8 30. a3 Rf7 31. Be3 Rd3 32. Bf2 Rxa3 33. Rc7 Rh7
34. Qg5 Rb3 35. Bc5 Kf8 36. Qf6+ Ke8 37. Qxe6 Bxe6 38. Rc6 Kf7 39. Rxa6 Rh8 40.
Ra7 Re8 41. Rea1 d4 42. Bxd4 Rxb4 43. Bc5 Rb2 44. Rc7 Ba2 45. Rd1 1/2-1/2

[Event "WYCC Open U14"]
[Site "Porto Carras"]
[Date "2010.10.20"]
[Round "1.12"]
[White "Marques, Joao Paulo Cassemir"]
[Black "Santos Latasa, Jaime"]
[Result "0-1"]
[WhiteElo "1949"]
[BlackElo "2263"]
[PlyCount "30"]
[EventDate "2010.10.20"]

1. e4 e6 2. d4 d5 3. exd5 exd5 4. Bd3 Nc6 5. c3 Bd6 6. Qf3 Nge7 7. Ne2 O-O 8.
Bf4 Ng6 9. Bxg6 hxg6 10. Qxd5 Nb4 11. Qf3 Nc2+ 12. Kd2 Nxa1 13. Na3 Bxa3 14.
bxa3 Qe7 15. c4 Bg4 0-1

[Event "WYCC Open U14"]
[Site "Porto Carras"]
[Date "2010.10.20"]
[Round "1.13"]
[White "Amstadt, Aron"]
[Black "Castro, Jairo Antonio"]
[Result "1-0"]
[WhiteElo "2262"]
[BlackElo "1945"]
[PlyCount "55"]
[EventDate "2010.10.20"]

1. d4 d5 2. c4 c6 3. Nf3 Nf6 4. e3 e6 5. Nbd2 Nbd7 6. Bd3 Be7 7. O-O O-O 8. b3
b6 9. Bb2 Bb7 10. Qe2 Rc8 11. Rac1 c5 12. Ne5 Rc7 13. f4 Ne4 14. cxd5 exd5 15.
Nxe4 dxe4 16. Bc4 cxd4 17. Bxd4 Nf6 18. Rfd1 Qc8 19. Bb2 Bc5 20. g4 Nd7 21.
Rxd7 Rxd7 22. b4 Rc7 23. bxc5 bxc5 24. Rd1 Kh8 25. g5 f6 26. g6 Qh3 27. Nf7+
Kg8 28. Ng5+ 1-0